01011nam a2200241Ia 4500001000600000003000900006008004100015040001300056040001300069041001200082100002100094100002900115245005900144245003900203250001100242260001100253260001600264260004900280300005900329500031100388650003900699650003100738F7401IT-RoPAU130308s9999 xx 000 0 und d aIT-RoPAU cIT-RoPAU aINGLESE aRicheri Giuseppe gCodice Aut. SPICS: 2060 aItaly: regional Television Without a regional Vocation bDecentralization in The global Era a1a ed. aLONDRA bJohn Libbey c1995 [1° Ed.:1995 - Ed.Ling.Originale:1995] a"18 p. (prefazione: no ; testo: 18 [pagine: 117-134])" aItalia: Televisione regionale senza una vocazione Regionale. Situazione Politica, la nazione e le Regioni. Struttura della Televisione. Origini Dellatelevisione Regionale. Modello Televisivo regionale Pubblico. programmi Dirai Tre. Evoluzione della Televisione privata Locale. Caso del Trentino Alto Adige. aTEORIA DELLA COMUNICAZIONE SOCIALE eCodice materia Spics: 3802